000 01154nam a2200313 a 4500
001 000006731
003 DO-SdBNP
005 20240906084713.0
008 090902s1996 dr acd 001 0 spa d
020 _a8489548145
040 _aDO-SdBNP
_bspa
_cBNPHU
082 _a382.9142
_bL817e
100 1 _aLockward, Angel,
_911034
245 1 0 _aEuropa en la República Dominicana /
_cAngel Lockward.
260 _aSanto Domingo :
_bTaller,
_c1996.
300 _a256 p. :
_bil., gráfcs., retrs. ;
_c23 cm.
504 _aBibliografía: p.253.
590 _aInventarido, 2018/VM
630 0 4 _aCONVENCIÓN DE LOMÉ
_y1996
_918739
651 4 _aRepública Dominicana
_xPolítica Comercial
_xTratados
_918740
651 4 _aRepública Dominicana
_xRelaciones Exteriores
_xTratados
_911787
651 4 _aEspaña
_xRelaciones Exteriores
_xTratados
_918741
651 4 _aEspaña
_xTratados Comerciales
_918742
651 4 _aRepública Dominicana
_xTratados Comerciales
_99360
651 4 _aRepública Dominicana
_xTratados Internacionales
_99650
651 4 _aEspaña
_xTratados Internacionales
_918743
910 _aValidado. Control de calidad EMS
942 _2ddc
_cLBS1
999 _c6520
_d6520